000
00323 a2200109 4500
001
ART_11563
005
20260410161858.0
008
260409a
245
1
0
_a
Two comments on tax evasion
100
1
_a
Christiansen, Vidar
773
0
_t
Journal of public economics
_g
- Vol. 13, NÂș 3 (jun. 1980)
_w
REV11485
999
_c
25642
_d
25642